000 00338nam a22001217a 4500
041 _aENG
100 _a65.060.10
245 _aAgricul Tural Tractors And Machinery - Power Take- Drive Shafts And Position Of Power- Input Connection
260 _aNew Delhi
_bBIS
_c2002
300 _a06
650 _aBIS Test Code
856 _uBIS Test Code
999 _c2012
_d2012